000 00264nam a2200109 a 4500
005 20200930074023.0
008 111024s1948 000 spa d
100 _aBazin, Hervé
_960564
245 0 _aVipére au poing.
260 _aFrance,
_c1948.
999 _c34461
_d34461
040 _aDO-SdBNP